Quizz ultime France depuis le XXéme - Statistiques

Statistiques générales
  • Ce quiz a été pris 248 fois
  • Le résultat moyen est 34 sur 126
Statistiques - réponses
Année Indice Réponse % Correct
2019 Elle a prit feu le 15 avril Notre-Dame de Paris
83%
2018 La France gagne cette compétition de football Coupe du monde
82%
2015 Salle de spectacle victime d'un attentat Bataclan
78%
2002 Ses pièces et billets sont mis en circulation Euro
78%
2020 Il est annoncé le 16 mars 2020 par Emmanuel Macron Confinement
77%
2012 Il est élu avec 51,64 % des suffrages François Hollande
75%
2007 Première femme à arrivée au second tour de l’élection présidentielle Ségolène Royal
64%
2025 Le ministre de l’intérieur du gouvernement Bayrou Bruno Retailleau
63%
2010 Premier épisode de cette émission culinaire présenté par Rotenberg sur M6 Top chef
63%
2008 La France arrive 18éme à ce concours Eurovision
61%
1993 Ce club ramène pour la première fois en France le trophée de la Ligue des Champions Olympique de Marseille
59%
2023 Pays finissant troisième de la coupe du monde de rugby organisé en France Angleterre
58%
1970 La France est "veuve" selon Pompidou après la mort de ce dernier Charles de Gaulle
57%
1978 Mort de ce célèbre chanteur français né en Egypte et mort d'un accident domestique Claude François
56%
1962 Accord mettant fin à la guerre d’Algérie Accords d'Evian
54%
1956 Ce pays du Maghreb obtient son indépendance vis-à-vis de la France Maroc
54%
2004 Premier épisode de cette série se déroulant à Marseille Plus Belle la vie
52%
1986 Ce parti politique créer la surprise aux élections législatives en obtenant 35 siéges Front National
51%
1981 Robert Badinter en est à l'origine Abolition de la peine de mort
50%
1943 Il meurt après une longue torture Jean Moulin
50%
1911 On la vole au musée du Louvre ! La Joconde
50%
1916 Cette bataille durera presque 10 mois et fera plus de 700 000 victimes Bataille de Verdun
49%
1903 1ere édition de cette course cycliste Tour de France
49%
1991 Naissance de ce chanteur-guitariste interprète de "Je m'en vais" ou bien "Beau-Papa" Vianney
48%
2014 Il est nommé premier ministre Manuel Valls
46%
2009 Compagnie aérienne dont son avion se crash en atlantique Air France
45%
1973 Cette marque sort son premier briquet jetable devenu emblématique Bic
45%
2024 Mécanisme rendu possible par l'article 12 de la constitution, utilisé cette année là Dissolution de l'assemblée nationale
44%
1945 Célèbre marque de voiture nationalisé car elle a collaboré Renault
44%
1950 Création de ce club de football dont Aulas sera pendant longtemps le président Olympique Lyonnais
43%
1919 Ville où a été signé le traité de paix entre l'Allemagne et les Alliés Versailles
43%
1902 Mort de cette intellectuel Dreyfusard et romancier engagé Emile Zola
42%
1942 Cette rafle est tellement grande (13 000 personnes) qu'elle s'étale sur 2 jours (16 et 17 juillet) Rafle du Vél'd'Hiv
42%
1977 Chanson de ce dernier parlant de sirènes, de barracudas et d'un célèbre phare Alexandrie Alexandra
41%
1900 Fulgence Bienvenüe est considéré comme le père de ce moyen de transport parisien inauguré pour la première fois en France Metro
41%
1939 Il devient ambassadeur de France en Espagne Phillipe Pétain
41%
1958 Entrée en vigueur de cette nouvelle république Cinquième
39%
1980 Film sorti cette année la permettant à Sophie Marceau de se faire connaitre La Boum
39%
1974 Il meurt d'une leucémie laissant sa fonction à Alain Poher Georges Pompidou
38%
1938 Entreprise de transport voyant le jour cette année SNCF
38%
1975 Création de cette chaîné de télévision présidé à l’époque par Jean Cazeneuve TF1
38%
1953 Naissance de ce chanteur du sud-ouest auteur de "La corrida" Francis Cabrel
36%
1936 Coalition gagnant les élections législatives Front Populaire
36%
1933 Naissance de cet acteur surnommé "Bébel" Jean-Paul Belmondo
36%
1989 Ouverture de cette pyramide dont l’architecte est Ieoh Ming Pei Pyramide du Louvre
36%
1907 Création de ce club de football nordiste RC Lens
36%
2001 Guerre avec laquelle la France contribue militairement avec les Etats-Unis Guerre d’Afghanistan
35%
1928 Naissance de ce chanteur ayant un alter ego controversé et qui brûlera un billet de 500 francs en direct Serge Gainsbourg
35%
1992 Ville qui acceuil les JO d'hiver Albertville
34%
1923 Première édition de cette course automobile mythique 24h du Mans
33%
1913 Il passe à 3 ans en vue d'une potentiel guerre avec l'Allemagne Service militaire
33%
1912 Franz Reichelt meurt de chute en bas de ce monument car son test n'a pas fonctionné Tour Eiffel
33%
1987 Début de sa construction. Il va relier Coquelles et Folkeston à partir de 1994 Tunnel sous la Manche
33%
1917 Du 20 novembre au 6 décembre se tient cette bataille portant la nom d'une ville célèbre pour ses bêtises Bataille de Cambrai
32%
1965 Inauguration de ce tunnel le plus long du monde à l'époque Tunnel du Mont-Blanc
32%
2017 Journal qui fait éclater l'affaire Fillon Canard enchaîné
31%
1949 Elle publie le premier tome de son oeuvre "Le deuxième sexe" Simone de Beauvoir
30%
1963 Mort de cette chanteuse ayant eu une idylle avec Marcel Cerdan Edith Piaf
29%
2011 La France termine finaliste de cette compétition Coupe du monde de rugby
28%
1914 Ville où le Gouvernement s'installe pendant 3 mois après que les allemand atteignent les portes de Paris Bordeaux
27%
1960 Première apparition de ce chanteur, filleul de Line Renaud Johnny Hallyday
26%
1976 Film de Claude Zidi mettant en scène un critique culinaire et son fils voulant devenir clown L'aile ou la cuisse
25%
1999 Il gagne pour la première fois le Tour de France puis se fera retirer sa victoire en 2012 Lance Armstrong
25%
2016 Le plus gros succès français du cinéma de 2016 (On peut perdre une carte 1 fois...) Les Tuches 2
25%
1996 Jacques Chirac y met un terme après que la France en ait réalisé 210 Essais nucléaire
23%
1929 Cet homme politique ancien ministre de l’intérieur et créateur des brigades régionales de police mobile meurt Georges Clemenceau
23%
1967 Film musical réalisé par Jacques Demy mettant en scène Catherine Deneuve et Françoise Dorléac Les Demoiselles de Rochefort
23%
1964 Il refuse le prix Nobel de littérature Jean-Paul Sartre
22%
1961 Création de cette armée partisane de l'armée française et dirigé par des généraux putschiste OAS
20%
1955 Commercialisation de cette voiture au nom divin Citroën DS
19%
1931 Naissance de ce footballeur qui donnera son nom à une récompense attribué par la magasine France Football Raymond Kopa
19%
1947 Il est élu président de la République Vincent Auriol
18%
1998 Zidane prend un rouge contre cette équipe à la coupe du monde Arabie Saoudite
17%
1951 Le traité de Paris créer cette communauté Communauté Européenne du charbon et de l'acier
17%
1959 Il est nommé premier ministre Michel Debré
16%
1946 Pour sa première édition, Georges Huisman en est le président du jury Festival de Cannes
15%
1921 Pauline Pô gagne la deuxième édition de ce concours Miss France
14%
1932 Il est nommé "Homme de l'année" par le magasine Times, ce qui contraste avec sa futur collaboration avec l'Allemagne Nazie Pierre Laval
13%
2000 Thriller policier mettant en scène le commissaire Pierre Niémans et dont le titre évoque une nuance de couleur Les Rivières pourpres
12%
1990 Ce groupe de musique Guadeloupéen se hisse pendant 9 semaines à la tête du Top 50 grâce à son titre Maldon Zouk Machine
12%
1940 Nom de cette entrevue où Pétain rencontre Hitler Entrevue de Montoire
11%
1944 Massacre de ce village par la Waffen-SS le 10 juin Ouradour-sur-Glane
11%
1934 Date précise des manifestations organisés par les ligues d'extrême droite et qui dégénèrent en émeute 6 février 1934
10%
1924 Il démissionne du poste de Président de la République Alexandre Millerand
10%
1905 Député républicain-socialiste à l’initiative de la loi de séparation de l'Eglise et de l'Etat Aristide Briand
9%
2003 Chanteur français ayant vendu le plus d'album en 2003 (849 000) Florent Pagny
9%
1926 Inauguration de cet édifice religieux à Paris Grande Mosquée
9%
1971 Mort de ce chanteur américain qui serait mort dans une boite de nuit à Paris Jim Morrison
9%
1957 Nom de la bataille mené par le général Massu et ses "paras" Bataille d'Alger
8%
1995 Cette figure majeure des premières décennies de la télévision française meurt à l'age de 81 ans après avoir été présentateur de JT dans les années 60 Léon Zitrone
8%
1982 Mort de ce poète auteur de "La Rose et le Réséda" et de "Les Yeux et La Memoire" Louis Aragon
8%
2021 On a fêté le bicentenaire de sa mort Napoléon Ier
8%
1906 Il est élu Président de la République Armand Fallières
7%
2005 Ville du début des émeutes Clichy-sous-Bois
7%
2006 Film faisant le record d'entrée de l'année, 27 ans après la sortie du deuxième opus Les Bronzés 3: amis pour la vie
7%
1904 Type de navire dont l'Aigrette mis l'eau cette année révolutionna le domaine par son moteur diesel Sous-marin
7%
1954 Événement marquant le début de la Guerre d'Algérie Toussaint Rouge
7%
1994 Groupe terroriste détournant l'avion Air France 8969 GIA
5%
1983 Nom de la loi relative à la répartition des compétences entre les communes, les départements, les régions et l'État Loi Defferre
5%
1969 Sur quoi portait le référendum qui conduira à la démission du général de Gaulle Régionalisation
5%
1985 Groupe de musique caritatif comprenant les chanteurs Francis Cabrel, Jean-Jacques Goldman, Christophe ou encore Renaud et sortant cette année là la chanson "Ethiopie" Chanteurs sans frontières
4%
2022 A partir du 1er janvier, la France a entamé sa présidence Conseil de l'union européenne
4%
2013 Nom de l'affaire secouant le syndicat de la magistrature Mur des cons
4%
1925 La France rejoint cette guerre pour soutenir son allié Espagnol Guerre du Rif
3%
1984 Emission sportive dans laquelle Bernard Tapie fait une apparition Gym Tonic
3%
1901 Elle devient obligatoire pour les véhicules roulant à plus de 30 km/h Immatriculation
3%
1948 Il adapte en film "L'Aigle à deux têtes" issu de sa propre pièce de théâtre Jean Cocteau
3%
1935 Nom de l'accord où la France cède à l’Italie des territoires au sud de la Libye Accords de Rome
2%
1972 Ce sportif français gagne la médaille d'Or en cyclisme sur piste aux Jeux Olympique de Munich Daniel Morelon
2%
1979 Le Canard enchaîné révèle cette affaire impliquant VGE et Bokassa L'affaire des diaments
2%
1920 Ce français préside la première réunion de la SDN Léon Bourgeois
2%
1908 Cette bande dessiné de Louis Forton est publiée pour la première fois dans la revue l’Épatant Les pieds nickelés
2%
1966 Cette équipe gagne Les 24H du Mans Shelby American INC
2%
1968 Il allume la vasque olympique des JO d'hiver de Grenoble Alain Calmat
1%
1930 On faite son centenaire durant plusieurs mois Algérie Française
1%
1922 Elle organise les premiers Jeux Olympiques Féminins Alice Milliat
1%
1997 Ce physicien français reçoit le prix Nobel de Physique Claude Cohen-Tannoudji
1%
1988 Assassinat à Paris de cette militante anti-apartheid Dulcie September
1%
1927 Fondateur et président de la Ligue des droits de l’homme, il obtient le prix Nobel de la Paix Ferdinand Buisson
1%
1941 Guerre souvent oublié commençant par l'invasion du Cambodge faisant partie de l’Indochine Française Guerre franco-thaïlandaise
1%
1937 Sortie de ce film considéré comme un chef-d'œuvre du cinéma mondial réalisé par Renoir et avec Jean Gabin comme acteur principal La grande illusion
1%
1952 Mort de ce maréchal commandant en chef des forces armée en Indochine Lattre de Tassigny
1%
1909 Cette bande de voyous de fais exécuter en public à Béthune Bande Pollet
0%
1910 Première femme au monde à obtenir son brevet de pilote Elisa Deroche
0%
1918 Du 21 mars au 18 juillet cette bataille fait rage en Picardie Grande bataille de France
0%
1915 Ses cendres sont transférées aux invalides Rouget de Lisle
0%
Aucun quiz correspondant
Distribution des résultats
% des personnes avec chaque résultat
Percentile par nombre de réponses
Votre historique - résultats
Vous n’avez pas pris ce quiz